000 00809nam a2200253Ia 4500
003 OSt
005 20220925181515.0
006 a|||||r|||| 00| 0
007 ta
008 220923b |||||||| |||| 00| 0 eng d
020 _a9781847207562
_c8734.9400000000005
037 _bBBS/40, 11/09/2012, Better Book Service
_cGeneral Book
040 _aRTL
_cRTL
_beng
041 _2eng
_aeng
082 _aX651.1g, Q2
100 _aPOITRAS Geoffrey
_923305
245 0 _aHANDBOOK OF research on stock market globalazation
260 _aCheltenham
_bEdward Elgar
_c2012
300 _axii,315p.
_ccm.
500 _aBibliography chapterwise
650 _aCommerce
942 _hX651.1g, Q2
_cGB
_2CC
999 _c499453
_d499453